Statistiques concernant Effectif Arsenal 2023-2024

Cliquez ici pour prendre le quiz!

Statistiques générales

  • Ce quiz a été pris 198 fois
  • Le résultat moyen est 21 sur 26

Statistiques - réponses

PosteNationalitéRéponse% Correct
7AttaquantAngleterreBukayo Saka
99%
9AttaquantBrésilGabriel Jesus
99%
2DéfenseurFranceWilliam Saliba
99%
1GardienAngleterreAaron Ramsdale
97%
11AttaquantBrésilGabriel Martinelli
97%
8MilieuNorvègeMartin Odegaard
97%
35DéfenseurUkraineOleksandr Zinchenko
95%
6DéfenseurBrésilGabriel
94%
5MilieuGhanaThomas Partey
92%
4DéfenseurAngleterreBen White
90%
20MilieuItalieJorginho
89%
19AttaquantBelgiqueLeandro Trossard
88%
22GardienEspagneDavid Raya
87%
41MilieuAngleterreDeclan Rice
83%
14AttaquantAngleterreEddie Nketiah
83%
18DéfenseurJaponTakehiro Tomiyasu
83%
25MilieuEgypteMohamed Elneny
81%
29MilieuAllemagneKai Havertz
78%
10MilieuAngleterreEmile Smith Rowe
77%
12DéfenseurPays-BasJurrien Timber
73%
21MilieuPortugalFabio Vieira
64%
15DéfenseurPologneJakub Kiwior
64%
24AttaquantAngleterreReiss Nelson
62%
17DéfenseurPortugalCédric
59%
27AttaquantBrésilMarquinhos
51%
31GardienEstonieKarl Hein
35%

Distribution des résultats

Percentile par nombre de réponses

% des personnes avec chaque résultat

Votre développement - résultats

Vous n’avez pas pris ce quiz